Partial differential equations /

Guardado en:
Autor Principal: John, Fritz, 1910-
Formato: Libro
Idioma:English
Publicado: New York : Springer-Verlag, c1978.
Edición:3rd ed.
Series:Applied mathematical sciences (Springer-Verlag New York Inc.) ; v. 1.
Materias:
Etiquetas: Agregar Etiqueta
Sin Etiquetas, Sea el primero en etiquetar este registro!
LEADER 01230cam a2200265 a 4500
001 MAT.inmabb005929
008 780901s1978####nyua#####b####001#0#eng##
005 20130315124658.0
245 1 0 |a Partial differential equations /  |c Fritz John ; [editors, Fritz John ... et al.]. 
250 |a 3rd ed. 
260 |a New York :  |b Springer-Verlag,  |c c1978. 
300 |a ix, 198 p. :  |b il. ;  |c 25 cm. 
490 1 |a Applied mathematical sciences ;  |v v. 1 
504 |a Bibliografía: p. 191-192. 
500 |a Incluye índice. 
505 0 |a 1. The single first-order equation -- 2. Second-order equations: hyperbolic equations for functions of two independent variables -- 3. Characteristic manifolds and the Cauchy problem -- 4. The Laplace equation -- 5. Hyperbolic equations in higher dimensions -- 6. Higher-order elliptic equations with constant coefficients -- 7. Parabolic equations. 
510 4 |a MR,  |c 80f:35001 
020 |a 0387903275 
100 1 |a John, Fritz,  |d 1910- 
830 0 |a Applied mathematical sciences (Springer-Verlag New York Inc.) ;  |v v. 1. 
650 0 |a Differential equations, Partial. 
084 |a 35-01 (35-02)  |2 msc2000 
010 |a  78010449  
040 |a DLC  |c DLC  |d DLC 
859 |h 35  |i J65-3  |p A-4707  |b BIB. MATEMATICA